| 000 | 01187nab a22002537a 4500 | ||
|---|---|---|---|
| 999 |
_c5657 _d5657 |
||
| 003 | OSt | ||
| 005 | 20251226111117.0 | ||
| 008 | 190429b xxu||||| |||| 00| 0 spa d | ||
| 040 | _cPJ | ||
| 100 |
_95170 _aFinocchiaro, Enzo |
||
| 245 | 1 | 0 |
_aNotas sobre la ejecución de la pena privativa de libertad / _cEnzo Finocchiaro. |
| 260 |
_cCiudad Autónoma de Buenos Aires : _aThomson Reuters La Ley, _b2025. |
||
| 300 | _ap. 165-167 | ||
| 500 | _aCita: TR LALEY AR/DOC/1477/2025. | ||
| 505 | _aSumario: I. Introducción.— II. Los hechos.— III. El proceso.— IV. La cuestión a dilucidar.— V. La modalidad de ejecución de la pena privativa de libertad. | ||
| 505 | _aFallo comentado: CS, 08/05/2025. — C., O. C. s/ recurso extraordinario federal. | ||
| 505 | _tSi te interesa el texto completo, solicitalo a koha@justierradelfuego.gov.ar | ||
| 650 | 0 |
_9343 _aDERECHO PENAL |
|
| 650 | 0 |
_92943 _aHOMICIDIO CULPOSO |
|
| 650 | 0 |
_92762 _aACCIDENTE DE TRÁNSITO |
|
| 650 | 0 | _aARBITRARIEDAD | |
| 773 | 0 |
_02658 _93164 _tRevista de derecho penal y criminología. Nº 8 - Septiembre 2025 _dCiudad Autónoma de Buenos Aires : Thomson Reuters La Ley, 2017- _x00347914 |
|
| 942 |
_2udc _cANA |
||